Northern Ireland counties-Belfast City - Statistics

General Stats
  • This quiz has been taken 27 times
  • The average score is 10 of 16
Answer Stats
Hint Answer % Correct
Notorious ocean liner built in Belfast that sank on its maiden voyage in 1912 RMS Titanic
100%
Professional footballer who played as a winger for Manchester United; he is considered one of the greatest footballers of all time George Best
92%
The attractive red brick Lanyon Building forms the main hall of this university Queen's University
79%
Estate which houses the Northern Ireland devolved government Stormont
79%
Built in Baroque Revival with a green copper dome at the very centre of Belfast is this iconic building City Hall
75%
Basalt hill that overlooks the city; it is nicknamed 'Napoleon's nose' and was said to be the inspiration for Jonathan Swift's Gulliver Travels due to its resemblance to a sleeping giant Cave Hill
71%
Christian apologist and author best known for writing The Chronicles of Narnia, born in the east of the city in 1898 CS Lewis
71%
Iconic yellow cranes constructed by the Harland and Wolff shipping company which dominate the city's skyline Samson and Goliath
67%
This iconic clock tower has a slight tilt due to being built on soft, marshy land Albert Clock
63%
Ornate music hall and theatre where Led Zeppelin first performed Stairway to Heaven in 1971 Ulster Hall
58%
Luxury hotel which shares its name with the city's primary railway station Grand Central Hotel
50%
Stadium which is the home ground for both Linfield FC and the Northern Ireland national football team Windsor Park
50%
United States state capital which has been twinned with Belfast since 1995(hint: it is the capital of Tennessee) Nashville
46%
Award winning actor and filmmaker who directed multiple Shakespeare adaptations and served as President of the RADA from 2015 to 2024 Kenneth Branagh
38%
Residential tower that is the tallest building in Northern Ireland Obel Tower
33%
In the nineteenth century, the city acquired this nickname based on its industrial manufacturing of this fabric Linenopolis
29%
No matching quizzes found
Score Distribution
Percent of People with Each Score
Percentile by Number Answered
Your Score History
You have not taken this quiz